000
00326nam a2200133Ia 4500
008
150201s2009 xx 000 0 und d
082
_a
610
_b
E09T
100
_a
TIWAR,POORNIMA
245
_a
EPIDEMIOLOGY MADE EASY
250
_a
1ST
260
_b
JAYPEE BROTHERS
_a
DELHI
_c
2009
650
_a
COMMUNITY MEDICINE
942
_2
ddc
_c
BK
999
_c
1072
_d
1072